Catalog

Record Details

Catalog Search



Silver bells / Diana Palmer.

Palmer, Diana.(Author).
Palmer, Diana. Man of ice.(Added Author). Palmer, Diana. Heart of ice.(Added Author).

Available copies

  • 2 of 2 copies available at LARL/NWRL Consortium. (Show)
  • 1 of 1 copy available at Northwest Regional Library.

Current holds

0 current holds with 2 total copies.

Show All Copies
Location Call Number / Copy Notes Barcode Shelving Location Status Due Date
Roseau Public Library PAL (Text) 35500006929739 New Available -

Record details

  • ISBN: 9780373777181
  • ISBN: 0373777183
  • Physical Description: 475 p. ; 19 cm.
  • Publisher: Don Mills, Ont. : Harlequin, c2012.

Content descriptions

General Note:
Man of ice copyright 1996; Heart of ice copyright 1984.
Formatted Contents Note:
Man of ice -- Heart of ice.
Summary, etc.:
"Man of Ice: After a less than magical one-night ... Read More
Subject: Ranchers > Fiction.
Women novelists > Fiction.
Man-woman relationships > Fiction.
Wyoming > Fiction.
Genre: Love stories.
LDR 02049cam a2200397Ia 4500
001146104
003LARL_NWRL_CONSORTIUM
00520120919093711.0
008120321s2012 onc e 000 1 eng d
020 . ‡a9780373777181
020 . ‡a0373777183
035 . ‡a(OCoLC)781678531
040 . ‡aBTCTA ‡beng ‡cBTCTA ‡dBDX ‡dIEB ‡dCXP
043 . ‡an-us-wy
08204. ‡a813.54 ‡223
1001 . ‡aPalmer, Diana. ‡0(LARL_NWRL_CONSORTIUM)138007
24510. ‡aSilver bells / ‡cDiana Palmer.
260 . ‡aDon Mills, Ont. : ‡bHarlequin, ‡cc2012.
300 . ‡a475 p. ; ‡c19 cm.
5050 . ‡tMan of ice -- ‡tHeart of ice.
500 . ‡aMan of ice copyright 1996; Heart of ice copyright 1984.
520 . ‡a"Man of Ice: After a less than magical one-night stand, cynical Dawson Rutherford needs the help of the woman he considers seduced him. Barrie Bell, still reeling from their encounter, is ambivalent about aiding his scheme. She's kept a secret from Dawson...one that could free them both to love again! Heart of Ice: Knowing she dislikes him down to his arrogant bones, Egan Winthrop invites Kati James to his ranch to research her next novel. He assumes she knows everything about love. But when passion flares between them, Egan is surprised at how Kati's heat just might be able to melt his heart of ice..."--Dust jacket.
650 0. ‡aRanchers ‡vFiction. ‡0(LARL_NWRL_CONSORTIUM)167016
650 0. ‡aWomen novelists ‡vFiction. ‡0(LARL_NWRL_CONSORTIUM)167918
650 0. ‡aMan-woman relationships ‡vFiction. ‡0(LARL_NWRL_CONSORTIUM)165985
651 0. ‡aWyoming ‡vFiction. ‡0(LARL_NWRL_CONSORTIUM)167872
655 7. ‡aLove stories. ‡2gsafd
70012. ‡aPalmer, Diana. ‡tMan of ice.
70012. ‡aPalmer, Diana. ‡tHeart of ice.
948 . ‡hNO HOLDINGS IN LAL - 18 OTHER HOLDINGS
994 . ‡aZ0 ‡bLAL
901 . ‡a146104 ‡bOCLC ‡c146104 ‡tbiblio

Additional Resources